000 00881nam a22002417a 4500
001 80758
003 BD-RjUL
005 20221112153905.0
008 221112s1999 bg a|||| m||| 00| 0 eng d
035 _a(BD-RjUL)80758
040 _aBD-RjUL
_beng
_cBD-RjUL
_dBD-RjUL
041 _aeng
082 _223
_a539.74
_bKHN 1999.
100 _aKhatun, Mst. Wahida
_95804
245 1 0 _aNuclear structure, cell Division and chromosome morphology of some algal Plants. /
_cBy Mst. Wahida Khatun ;
_6Supervisor : Golam, Kabir
260 _aRajshahi :
_bDepartment of Botany, University of Rajshahi,
_c1999
300 _a[9], 123 leaves :
_bill, ;
_c29.cm.
502 _aThesis (M. Phil.) -- Department of Botany, University of Rajshahi, 1999
504 _aReferences : Leaves 109 - 123
650 _aNuclear structure
_95805
700 _aKabir, Golam, Supervisor
_93775
942 _2ddc
_cTHE
999 _c80758
_d80758